000 00689nam a22002177a 4500
999 _c10124
_d10124
001 10124
003 BD-JhCC
005 20180718194617.0
008 180402s1982 bg a|||| ||a| 000 0 ben d
035 _a(BD-JhCC)10124
040 _aBD-JhCC
_dBD-JhCC
041 _aben
082 _a784
_bNAZ 1982
245 _aনজরুল সঙ্গীত সম্ভার : নজরুল হস্তলিপি /
_cবাংলা একাডেমী
260 _aঢাকা :
_bবাংলা একাডেমী,
_c1982.
300 _a104 p. :
_c22 cm.
650 _aMusic
710 _aবাংলা একাডেমী
942 _2ddc
_cBK